| 000 | 01180cam a22002771 4500 | ||
|---|---|---|---|
| 001 | unk84227957 | ||
| 003 | DLC | ||
| 005 | 20260227112802.0 | ||
| 008 | 850227m18371842gw b 001 0 lat | ||
| 010 | _aunk84227957 | ||
| 040 |
_aDLC _cCarP _dDLC |
||
| 050 | 0 | 0 |
_aKJA395 _b.C63 1837 |
| 130 | 0 | _aCodex Theodosianus | |
| 245 | 1 | 0 |
_aCodicis Gregoriani et Codicis Hermogeniani fragmenta : _bad LIV librorum manuscriptorum et priorum editionum fidem recognovit et annotatione critica instruxit Gustavus Hèanel. Codex Theodosianus : ad LIV librorum manuscriptorum et priorum editionum fidem recognovit et annotatione critica instruxit Gustavus Hèanel |
| 246 | 1 | 3 | _aCodicis Gregoriani fragmenta |
| 246 | 1 | 3 | _aCodicis Hermogeniani fragmenta. |
| 246 | 1 | 5 | _aCodex Theodosianus |
| 260 |
_aBonnae, _bapud Adolphum Marcum, _c1837-1842. |
||
| 300 |
_a2 v. in 1. _c28 cm. |
||
| 504 | _aIncludes bibliographical references and indexes. | ||
| 505 | 0 | _aCodicis Gregoriani et Codicis hermogeniani fragmenta -- Codex Theodosianus. | |
| 650 | 0 |
_aRoman law _vSources. |
|
| 730 | 0 | 2 | _aCodex Gregorianus. |
| 730 | 0 | 2 | _aCodex Hermogenianus. |
| 700 | 1 |
_aHaenel, Gustav Friedrich, _d1792-1878. |
|
| 999 |
_c91591 _d91591 |
||